|
|
|
|
| LEADER |
01787nam a2200421 i 4500 |
| 001 |
EBC355204 |
| 003 |
MiAaPQ |
| 005 |
20220518061454.0 |
| 006 |
m o d | |
| 007 |
cr cnu|||||||| |
| 008 |
220518s2006 sp o 001 0 spa d |
| 020 |
|
|
|z 9788479088675
|q (print)
|
| 020 |
|
|
|a 9788497170314
|q (electronic bk.)
|
| 035 |
|
|
|a (MiAaPQ)EBC355204
|
| 035 |
|
|
|a (Au-PeEL)EBL355204
|
| 035 |
|
|
|a (OCoLC)319794393
|
| 040 |
|
|
|a MiAaPQ
|b eng
|e rda
|e pn
|c MiAaPQ
|d MiAaPQ
|
| 043 |
|
|
|a e-sp---
|
| 050 |
|
4 |
|a HC385
|b .H578 2006
|
| 082 |
0 |
|
|a 330.94607
|2 23
|
| 245 |
0 |
3 |
|a La historia economica en Espana y Francia (siglos XIX y XX) /
|c Carlos Barciela, Gerard Chastagnaret y Antonio Escuredo (editors).
|
| 264 |
|
1 |
|a San Vicente del Raspeig :
|b Publicaciones de la Universidad de Alicante,
|c [2006]
|
| 264 |
|
4 |
|c Ã2006
|
| 300 |
|
|
|a 1 online resource (565 pages)
|
| 336 |
|
|
|a text
|b txt
|2 rdacontent
|
| 337 |
|
|
|a computer
|b c
|2 rdamedia
|
| 338 |
|
|
|a online resource
|b cr
|2 rdacarrier
|
| 500 |
|
|
|a Includes index.
|
| 588 |
|
|
|a Description based on print version record.
|
| 590 |
|
|
|a Electronic reproduction. Ann Arbor, MI : ProQuest, 2018. Available via World Wide Web. Access may be limited to ProQuest affiliated libraries.
|
| 651 |
|
0 |
|a Spain
|x Economic conditions
|y 19th century.
|
| 655 |
|
4 |
|a Electronic books.
|
| 700 |
1 |
|
|a Barciela Lopez, Carlos,
|e editor.
|
| 700 |
1 |
|
|a Chastagnaret, Gerard,
|e editor.
|
| 700 |
1 |
|
|a Escudero, Antonio,
|e editor.
|
| 776 |
0 |
8 |
|i Print version:
|t Historia economica en Espana y Francia (siglos XIX y XX)
|d San Vicente del Raspeig : Publicaciones de la Universidad de Alicante, c2006
|h 565 pages
|z 9788479088675
|
| 797 |
2 |
|
|a ProQuest (Firm)
|
| 856 |
4 |
0 |
|u https://ebookcentral.proquest.com/lib/matrademy/detail.action?docID=355204
|z Click to View
|